| 000 | 01324nam a22003254a 4500 | ||
|---|---|---|---|
| 001 | ebr10255722 | ||
| 003 | CaPaEBR | ||
| 006 | m u | ||
| 007 | cr cn||||||||| | ||
| 008 | 030110s2003 njua sb 001 0 eng | ||
| 020 | _z9812383050 (alk. paper) | ||
| 040 |
_aCaPaEBR _cCaPaEBR |
||
| 035 | _a(OCoLC)505142854 | ||
| 050 | 1 | 4 |
_aQA76.87 _b.Z35 2003eb |
| 082 | 0 | 4 |
_a006.3/2 _221 |
| 100 | 1 | _aZaknich, Anthony. | |
| 245 | 1 | 0 |
_aNeural networks for intelligent signal processing _h[electronic resource] / _cAnthony Zaknich. |
| 260 |
_aRiver Edge, NJ : _bWorld Scientific, _cc2003. |
||
| 300 |
_axxiv, 484 p. : _bill. |
||
| 490 | 1 |
_aSeries on innovative intelligence ; _vv. 4 |
|
| 504 | _aIncludes bibliographical references and index. | ||
| 533 |
_aElectronic reproduction. _bPalo Alto, Calif. : _cebrary, _d2013. _nAvailable via World Wide Web. _nAccess may be limited to ebrary affiliated libraries. |
||
| 650 | 0 | _aNeural networks (Computer science) | |
| 650 | 0 |
_aSignal processing _xDigital techniques. |
|
| 650 | 0 | _aIntelligent control systems. | |
| 655 | 7 |
_aElectronic books. _2local |
|
| 710 | 2 | _aebrary, Inc. | |
| 830 | 0 |
_aSeries on innovative intelligence ; _vv. 4. |
|
| 856 | 4 | 0 |
_uhttp://site.ebrary.com/lib/rucke/Doc?id=10255722 _zAn electronic book accessible through the World Wide Web; click to view |
| 999 |
_c34645 _d34645 |
||